| 000 | 00503nam a2200169Ia 4500 | ||
|---|---|---|---|
| 008 | 190912s9999 xx 000 0 und d | ||
| 100 | _aMendez, Christina O. | ||
| 245 | _aDuterte fumes over kill "pay per kill" report/ | ||
| 245 | _cChristina O. Mendez; Paolo Romero | ||
| 260 | _bThe Philippine Star | ||
| 260 | _c2017 | ||
| 300 | _aFebruary 4 | ||
| 440 | _aThe Philippine Star | ||
| 650 | _acrimes | ||
| 650 | _aPolitics -- Philippines | ||
| 650 | _aRodrigo Duterte -- President -- Philippines | ||
| 999 |
_c362100 _d362100 |
||